| 000 | 00664nam a22002057a 4500 | ||
|---|---|---|---|
| 001 | 83267 | ||
| 003 | BD-RjUL | ||
| 005 | 20240307123847.0 | ||
| 008 | 240307s1967 p ||||| |||| 00| 0 u d | ||
| 035 | _a(BD-RjUL)83267 | ||
| 040 |
_aBD-RjUL _beng _cBD-RjUL |
||
| 041 | _aurd | ||
| 082 |
_223 _a954.91 _bRIP 1967 |
||
| 100 |
_aرياض, سيد حسن ;; Riad, Sayed Hassan _912140 |
||
| 245 |
_aپاکستان ناگزیر تھا ;; Pakistan Nagzir Thah / _cسيد حسن رياض ;; Syed Hassan Riaz |
||
| 260 |
_aKarachi University : _bSa'abah tasnif wa talif wa tarjumah Karachi , _c1967 |
||
| 300 |
_a567 p. ; _c23 cm |
||
| 650 | _zPakistan | ||
| 942 |
_2ddc _cBK |
||
| 999 |
_c83267 _d83267 |
||